Conservation and management of tropical rainforests : An integrated approach to sustainability

Bibliographic Details
Main Author: BRUENIG
Format: Book
Published: Wallingford, Oxon, UK : CAB International , 1996
Subjects:

MARC

LEADER 00000cam a2200000 7i4500
001 0000000307
005 20020529.0
020 0 0 |a 0851989942 
090 0 0 |a R333.75   |b BRU 1996 
100 1 0 |a BRUENIG   |h Eberhard F. 
245 1 0 |a Conservation and management of tropical rainforests :   |b An integrated approach to sustainability   |c Eberhard F. Bruenig 
260 0 0 |a Wallingford, Oxon, UK :   |b CAB International ,   |c 1996 
300 |a xxi, 339 p. :   |b ill. (1 col.), maps ;   |c 26 cm. 
650 0 0 |a Forest management   |x Tropics 
650 0 0 |a Rain forest conservation 
998 |a JPSM 
999 |a 0000001442   |b Monograph   |c Reference   |e Default branch 
999 |a 0000003259   |b Monograph   |c Open Shelf   |e Default branch